Missing Word: Movies Out of This World Quiz Stats

 Plays Quiz Updated Jul 16, 2014

Support Sporcle.
Go Orange.
Score 0/22 Timer 03:00
0 Plays Today
Movie Missing Word % Correct
Planet of the _____Apes
99.3%
Independence _____Day
96.4%
The _____ Strikes BackEmpire
94.6%
_____ CowboysSpace
90.9%
Mission to _____Mars
87%
_____ 13Apollo
86%
The _____ Guide to the GalaxyHitchhiker's
86%
_____ in SpaceLost
80%
2001: A Space _____Odyssey
78.8%
The _____ ElementFifth
78.2%
Ender's _____Game
77.4%
Movie Missing Word % Correct
The _____ StuffRight
66.8%
Star Trek Into _____Darkness
66.2%
_____ QuestGalaxy
61.9%
The _____ of RiddickChronicles
60.9%
_____ TroopersStarship
53.8%
Treasure _____Planet
51.6%
_____ HorizonEvent
36.7%
_____ A.E.Titan
31.3%
Alien _____Resurrection
27.1%
Wing _____Commander
21.5%
Silent _____Running
15.4%

Today's Daily Dose

You're not logged in!

Compare scores with friends on all Sporcle quizzes.
OR
Log In

From the Vault

Smaller than Djibouti

by petenge

There's a yo mama joke hiding in this quiz title somewhere.
Remove Ads.
Support Sporcle.
Get the best of Sporcle when you Go Orange. This ad-free experience offers more features, more stats, and more fun while also helping to support Sporcle. Thank you for becoming a member.

Show Comments

Extras

Top Quizzes Today


Score Distribution

Your Account Isn't Verified!

In order to create a playlist on Sporcle, you need to verify the email address you used during registration. Go to your Sporcle Settings to finish the process.

Report this User

Report this user for behavior that violates our Community Guidelines.

Details: